[Event "Ungdoms-DM U12 2025"]
[Site "Odense"]
[Date "2025.09.28"]
[Round "6"]
[White "Larsen, Jonas Bogh"]
[Black "Arnfred, Solal Hojlund"]
[Result "0-1"]
[WhiteElo "1702"]
[BlackElo "1560"]
[WhiteFideId "1477552"]
[BlackFideId "1477757"]
[EventDate "2025.09.27"]
[EventType "swiss"]
[EventRounds "7"]
[EventCountry "DEN"]
[SourceTitle "Turneringssystemet"]

1. e4 c6 2. d4 d5 3. f3 dxe4 4. fxe4 e5 5. Nf3 Bg4 6. Bc4 f6 7. c3 c5 8. d5 Bd6 9. O-O Ne7 10. Be3 Ng6 11. Nbd2 Nd7 12. Be2 a6 13. a4 Qc8 14. c4 a5 15. Nb1 Nb8 16. Nc3 Na6 17. Nb5 Qd8 18. h3 Bxf3 19. Bxf3 Nb4 20. Bh5 Qd7 21. b3 b6 22. Qe2 O-O-O 23. Bg4 h5 24. Bxd7+ Rxd7 25. Rfc1 Bb8 26. Bd2 Nf4 27. Bxf4 exf4 28. Rab1 Be5 29. Nc3 g5 30. Nd1 Rdh7 31. Qf1 h4 32. Qf3 Re7 33. Nf2 Bd4 34. Kh1 Bxf2 35. Qxf2 Nd3 36. Qc2 Nxc1 37. Rxc1 g4 38. Qe2 Rg7 39. hxg4 Rhg8 40. Qf2 Rxg4 41. Qf3 Rg3 42. Qxf4 Rxg2 43. Qxh4 R2g6 44. Qh3+ Rg4 45. Rg1 f5 46. Rxg4 fxg4 47. Qg3 Kd7 48. e5 Rh8+ 49. Kg2 Rg8 50. e6+ Ke7 51. Qc7+ Kf6 52. Qf7+ Ke5 53. Qxg8 b5 54. Qb8+ Kd4 55. Qxb5 g3 56. Qxa5 Kd3 57. b4 cxb4 58. Qxb4 0-1

[Event "Ungdoms-DM U12 2025"]
[Site "Odense"]
[Date "2025.09.28"]
[Round "7"]
[White "Mikkelsen, Anders Askjaer"]
[Black "Skytte, Robert"]
[Result "1/2-1/2"]
[WhiteElo "1918"]
[BlackElo "1850"]
[WhiteFideId "1477765"]
[BlackFideId "1471775"]
[EventDate "2025.09.27"]
[EventType "swiss"]
[EventRounds "7"]
[EventCountry "DEN"]
[SourceTitle "Turneringssystemet"]

1. e4 c5 2. Nf3 d6 3. d4 cxd4 4. Nxd4 Nf6 5. Nc3 a6 6. f3 e5 7. Nb3 h5 8. Be3 Be6 9. Qd2 Nbd7 10. Be2 Be7 11. O-O-O b5 12. Nd5 Bxd5 13. exd5 Nb6 14. Bxb6 Qxb6 15. Na5 Rc8 16. Nc6 Nxd5 17. Nxe7 Nxe7 18. Qxd6 Qxd6 19. Rxd6 1/2-1/2

[Event "Ungdoms-DM U12 2025"]
[Site "Odense"]
[Date "2025.09.28"]
[Round "7"]
[White "Bjerg, Sigurd"]
[Black "Larsen, Jonas Bogh"]
[Result "0-1"]
[WhiteElo "1672"]
[BlackElo "1702"]
[WhiteFideId "1480170"]
[BlackFideId "1477552"]
[EventDate "2025.09.27"]
[EventType "swiss"]
[EventRounds "7"]
[EventCountry "DEN"]
[SourceTitle "Turneringssystemet"]

1. e4 c5 2. Nf3 g6 3. d4 cxd4 4. Nxd4 Bg7 5. c4 Nc6 6. Be3 d6 7. Nc3 Nf6 8. f3 Be6 9. Be2 O-O 10. O-O a6 11. Nd5 Nd7 12. Qd2 Rb8 13. Rac1 Re8 14. Rfd1 Bxd5 15. cxd5 Nxd4 16. Bxd4 Bxd4+ 17. Qxd4 Rc8 18. Rc3 Rxc3 19. Qxc3 Nc5 20. Rc1 Qb6 21. Qd4 a5 22. a3 a4 23. Kf1 f6 24. f4 Qd8 25. Bd1 Rf8 26. Bxa4 Qa5 27. Bd1 Qb5+ 28. Be2 Qd7 29. b4 Nb3 30. Qc3 Nxc1 31. Qxc1 Rc8 32. Qe3 Qc7 33. Qg3 Qc1+ 34. Kf2 Rc3 35. Qg4 Qe3+ 36. Kf1 Rc1+ 37. Bd1 Qxe4 38. g3 Qh1+ 39. Kf2 Qxd1 40. Qe6+ Kf8 41. Qd7 Rc2+ 42. Ke3 Qe2+ 43. Kd4 Rc4# 0-1

[Event "Ungdoms-DM U12 2025"]
[Site "Odense"]
[Date "2025.09.28"]
[Round "7"]
[White "Andersen, Frederik"]
[Black "Jacobsen, Samuel Bro"]
[Result "0-1"]
[WhiteElo "1710"]
[BlackElo "1883"]
[WhiteFideId "1481630"]
[BlackFideId "1480740"]
[EventDate "2025.09.27"]
[EventType "swiss"]
[EventRounds "7"]
[EventCountry "DEN"]
[SourceTitle "Turneringssystemet"]

1. e4 c5 2. Nf3 Nc6 3. d4 cxd4 4. Nxd4 e5 5. Nb5 d6 6. c4 a6 7. N5c3 Nf6 8. Be3 Ng4 9. Nd5 Nxe3 10. Nxe3 Be7 11. a3 O-O 12. Bd3 Bg5 13. Nc2 f5 14. exf5 d5 15. cxd5 Qxd5 16. O-O e4 17. Be2 Qxf5 18. Nc3 Be6 19. Nd4 Nxd4 20. Qxd4 Bf6 21. Qxe4 Qxe4 22. Nxe4 Bxb2 23. Rab1 Bxa3 24. Rfd1 b5 25. Bf3 Rad8 26. Rxd8 Rxd8 27. Ra1 b4 28. Nc5 Bc4 29. Nb7 Rd2 30. Na5 Bf7 31. Kf1 Bb2 32. Rd1 Rxd1+ 33. Bxd1 Be5 34. h3 Bc7 35. Nb3 a5 36. Nc5 Bb6 37. Na4 Bd4 38. Ke2 Bc4+ 39. Ke1 b3 40. f3 b2 41. Nxb2 Bxb2 42. Ba4 Bd4 43. Bc2 h6 44. f4 Kf7 45. f5 Ke7 46. g4 Kd6 47. h4 Bf6 48. h5 Kc5 0-1

[Event "Ungdoms-DM U12 2025"]
[Site "Odense"]
[Date "2025.09.28"]
[Round "7"]
[White "Pei, Alvin Taesang"]
[Black "Vo, Charlie"]
[Result "1-0"]
[WhiteElo "1637"]
[BlackElo "1805"]
[WhiteFideId ""]
[BlackFideId "1477706"]
[EventDate "2025.09.27"]
[EventType "swiss"]
[EventRounds "7"]
[EventCountry "DEN"]
[SourceTitle "Turneringssystemet"]

1. e4 c5 2. Nf3 d6 3. Bb5+ Bd7 4. Bxd7+ Qxd7 5. Nc3 g6 6. O-O Bg7 7. Re1 Nc6 8. d3 Nf6 9. Be3 O-O 10. Qd2 Ng4 11. Rab1 Nxe3 12. fxe3 a6 13. d4 cxd4 14. exd4 b5 15. Kh1 Na5 16. b3 e6 17. d5 Qc7 18. Nd1 Nb7 19. c4 bxc4 20. bxc4 Na5 21. Ne3 Rac8 22. Rbc1 e5 23. Rc2 Bh6 24. Qc3 Nb7 25. Ng4 Bg7 26. Qa3 Nc5 27. Nd2 h5 28. Nf2 Qa7 29. Nd3 Bh6 30. Nxc5 Rxc5 31. Nb3 Rc7 32. Qxd6 Rfc8 33. c5 Bf8 34. Qxe5 Bxc5 35. Rec1 Bd6 36. Rxc7 Bxc7 37. d6 Qe3 38. dxc7 Qd3 39. Qd4 Qxd4 40. Nxd4 Kf8 41. Ne2 Ke8 42. Nf4 f5 43. exf5 gxf5 44. Kg1 Kd7 45. Nd5 Kd6 46. Rd1 Kc5 47. Kf2 Re8 48. Rc1+ Kd4 49. c8=Q Re4 50. Rc4+ Ke5 51. Rxe4+ fxe4 52. Qxa6 h4 53. a4 h3 54. gxh3 Kd4 55. Qb6+ Kd3 56. Nf4+ Kd2 57. Qd4+ Kc1 58. a5 Kc2 59. Ke2 e3 60. Qxe3 Kb1 61. a6 Kc2 62. Qd3+ Kb2 63. Kd2 Ka2 64. a7 Kb2 65. Qc3+ Kb1 66. Qc2+ Ka1 67. a8=R# 1-0